[Event "It (open)"]
[Site "masterchessopen.com - Greece"]
[Round "0"]
[White "Grivas Efstratios (GRE)"]
[Black "Alexakis Dimitrios (GRE)"]
[Result "1-0"]
[WhiteElo "2492"]
[BlackElo "2182"]

1.d4 Nf6 2.c4 e6 3.Nf3 c5 4.d5 exd5 5.cxd5 d6 6.Nc3 g6 7.e4 Bg7 8.Bg5 h6 9.Bh4
a6 10.Nd2 O-O 11.a4 Re8 12.Be2 Nbd7 13.O-O g5 14.Bg3 Ne5 15.Qc2 b6 16.Rad1 Rb8
17.Rfe1 Nfd7 18.Nf1 Nf8 19.Ne3 Nfg6 20.Nf5 Bf8 21.Qd2 Qf6 22.Rf1 Bxf5 23.exf5
Qxf5 24.Bxa6 Bg7 25.Bb5 Rf8 26.Kh1 Nf4 27.f3 Rbd8 28.b3 Nh5 29.Be1 Qg6 30.Ne2
f5 31.f4 gxf4 32.Nxf4 Nxf4 33.Qxf4 Ng4 34.h3 Be5 35.Qd2 Nf6 36.Bd3 Ne4 37.Qe3
Bd4 38.Qf3 Rde8 39.Bh4 Kh8 40.g4 fxg4 41.Qxf8+ Rxf8 42.Rxf8+ Kg7 {#r} 1-0

[Event "Ch World (team) (under 26)"]
[Site "masterchessopen.com - Mendoza (Argentina)"]
[Round "4"]
[White "Jaldin J (BOL)"]
[Black "De Leon Javier (PAN)"]
[Result "0-1"]
[WhiteElo "2025"]
[BlackElo "2058"]

1.d4 Nf6 2.c4 c5 3.Nf3 e6 4.d5 exd5 5.cxd5 d6 6.Nc3 g6 7.e4 Bg7 8.Bg5 h6 9.Bh4
O-O 10.Bd3 a6 11.O-O b5 12.Nd2 Nbd7 13.f4 Qc7 14.Qc2 Ng4 15.Nd1 c4 16.Be2 Qc5+
17.Kh1 Ne3 18.Nxe3 Qxe3 19.Rf3 Qb6 20.Rg1 Bd4 21.Rgf1 Nc5 22.Rg3 Kh7 23.f5 g5
24.e5 f6 25.Nf3 Bxe5 26.Nxe5 dxe5 27.Qc1 Ne4 28.Rg4 Nd6 29.Bxg5 fxg5 30.Rf3
Nxf5 31.Rxg5 hxg5 32.Qxg5 Qg6 33.Rh3+ Nh6 34.Qe7+ Rf7 35.Rxh6+ Kxh6 {#R} 0-1

[Event "Ch World (team) (under 26)"]
[Site "masterchessopen.com - Mendoza (Argentina)"]
[Round "4"]
[White "Matamoros Franco Carlos S (ECU)"]
[Black "Lobron Eric (GER)"]
[Result "1-0"]
[WhiteElo "2215"]
[BlackElo "2525"]

1.d4 Nf6 2.c4 e6 3.Nf3 c5 4.d5 exd5 5.cxd5 d6 6.Nc3 g6 7.e4 Bg7 8.Bg5 h6 9.Bh4
a6 10.Nd2 b5 11.a4 b4 12.Ncb1 Nbd7 13.Nc4 Qe7 14.f3 O-O 15.Be2 a5 16.Nbd2 Ba6
17.Ne3 Ne5 18.Bxa6 Rxa6 19.O-O Qb7 20.f4 Ned7 21.Qf3 Re8 22.Rae1 b3 23.Nec4
Qb4 24.Re2 Kh7 25.Kh1 Qxa4 26.Bxf6 Bxf6 27.e5 dxe5 28.fxe5 Nxe5 29.Nxe5 Rxe5
30.Rxe5 Bxe5 31.Qe2 Rf6 32.Qxe5 Rxf1+ 33.Nxf1 Qc4 34.Kg1 a4 35.d6 Qd3 36.Qe7
Qd4+ 37.Ne3 a3 38.Qxf7+ Qg7 39.Qxb3 axb2 40.d7 c4 41.Qd1 b1=Q 42.Qxb1 Qxd7
43.Qb2 Qd3 44.Qb7+ Kh8 45.Qc8+ Kh7 46.Qc7+ Kh8 47.Qe5+ Kh7 48.Qe7+ Kg8 49.Qe6+
Kg7 50.Nxc4 Qd1+ 51.Kf2 Qd4+ 52.Ke2 {#r} 1-0

[Event "Cup Atlantic (team)"]
[Site "masterchessopen.com - Pohja (Finland)"]
[Round "0"]
[White "Ristoja Aulikki (FIN)"]
[Black "Dahl Ingrid (NOR)"]
[Result "0-1"]
[WhiteElo "1905"]
[BlackElo "2120"]

1.d4 Nf6 2.c4 e6 3.Nf3 c5 4.d5 exd5 5.cxd5 d6 6.Bg5 g6 7.Nc3 Bg7 8.e4 a6 9.a4
O-O 10.Qd2 Re8 11.Bd3 Qc7 12.O-O Nbd7 13.h3 Rb8 14.Bh6 c4 15.Bb1 Nc5 16.Bxg7
Kxg7 17.Qe3 b5 18.axb5 axb5 19.Nd4 Bd7 20.f4 b4 21.f5 bxc3 22.Qxc3 Qb6 23.Rf2
Rf8 24.Ra3 Qb4 25.Qf3 c3 26.Qxc3 Qxc3 27.Rxc3 Ncxe4 28.Bxe4 Nxe4 29.f6+ Kg8
30.Rc7 Nxf2 31.Rxd7 Ne4 32.Nc6 Rxb2 33.g4 Rd2 34.g5 Ra8 {#R} 0-1

[Event "It \"]
[Site "masterchessopen.com - Prague (Czech Republic)"]
[Round "0"]
[White "Pekarek Ales (CZE)"]
[Black "Danner Georg (AUT)"]
[Result "1-0"]
[WhiteElo "2360"]
[BlackElo "2415"]

1.d4 Nf6 2.Nf3 c5 3.d5 g6 4.c4 e6 5.Nc3 exd5 6.cxd5 d6 7.e4 Bg7 8.Bg5 h6 9.Bh4
a6 10.Nd2 b5 11.Be2 Nbd7 12.Qc2 O-O 13.a4 b4 14.Nd1 Re8 15.Ne3 Qc7 16.O-O b3
17.Qb1 Rb8 18.Bg3 Ne5 19.f4 Neg4 20.Nec4 Nh5 21.Qd3 Nxg3 22.Qxg3 Nf6 23.Bf3
Rd8 24.Rae1 a5 25.e5 dxe5 26.d6 Qa7 27.fxe5 Nh7 28.Bd5 Ng5 29.Rxf7 Nxf7
30.Qxg6 Kh8 31.Bxf7 Rf8 32.Rf1 Rb7 33.Bd5 Rxf1+ 34.Kxf1 Bd7 35.Ne4 {#r} 1-0

[Event "Ch World (juniors) (under 20)"]
[Site "masterchessopen.com - Sharjah (United Arab Emirates)"]
[Round "5"]
[White "Moran Nuque Bernardo (ECU)"]
[Black "Wians Camille (LUX)"]
[Result "1-0"]
[WhiteElo "2290"]
[BlackElo "2239"]

1.d4 Nf6 2.c4 c5 3.d5 e6 4.Nc3 exd5 5.cxd5 d6 6.e4 g6 7.Nf3 Bg7 8.Bg5 h6 9.Bh4
g5 10.Bg3 Nh5 11.Bb5+ Bd7 12.Bxd7+ Qxd7 13.Ne5 Qe7 14.Qxh5 Bxe5 15.Bxe5 Qxe5
16.O-O a6 17.g3 Nd7 18.f4 Qd4+ 19.Kh1 Qg7 20.e5 dxe5 21.fxg5 hxg5 22.Rxf7 Rxh5
23.Rxg7 O-O-O 24.Rf1 Nb6 25.Rff7 Nxd5 26.Rxb7 Rh6 27.Ne4 Rdh8 28.Ra7 Kb8
29.Nxc5 Rxh2+ 30.Kg1 Rh1+ 31.Kf2 Rf8+ 32.Kg2 {#r} 1-0

[Event "Ch World (for the Blind)"]
[Site "masterchessopen.com - Moscow (Russia)"]
[Round "9"]
[White "Lilley Graham (ENG)"]
[Black "Magnusson Joergen (SWE)"]
[Result "0-1"]
[WhiteElo "2096"]
[BlackElo "2273"]

1.d4 Nf6 2.c4 c5 3.d5 e6 4.Nc3 exd5 5.cxd5 d6 6.e4 g6 7.Nf3 Bg7 8.Bg5 a6 9.Nd2
b5 10.Be2 O-O 11.O-O Re8 12.Qc2 Qc7 13.Rae1 Nbd7 14.a4 b4 15.Nd1 b3 16.Qb1 Rb8
17.Bc4 Rb4 18.Nc3 Ng4 19.h3 Nge5 20.Bxb3 c4 21.Bc2 Qb8 22.Nd1 Nc5 23.Qa2 Ncd3
24.Bxd3 Nxd3 25.Re3 Nxb2 26.Nxb2 Rxb2 27.Qxc4 Rxd2 28.Rb3 Rd4 29.Qc6 Bd7
30.Qxd7 Qc8 31.Qxd6 Rdxe4 32.Be3 Qc4 33.Rb7 Qxa4 34.Qc6 Qxc6 35.dxc6 Rc4 36.c7
Be5 37.Rc1 Rxc1+ 38.Bxc1 Rc8 39.Bd2 Rxc7 40.Rb8+ Kg7 41.Ra8 Rd7 42.f4 Ra7
43.Rd8 Bc7 44.Re8 a5 45.Be3 Rb7 46.Bd4+ f6 47.Re7+ Kg8 48.Kf2 Rb4 49.Rxc7 Rxd4
50.Ke3 Rd1 51.Ra7 Ra1 52.g4 a4 53.g5 fxg5 54.fxg5 a3 55.Kd2 a2 56.Ra8+ Kf7
57.Kc2 Rh1 58.Rxa2 Rh2+ 59.Kb3 Rxa2 60.Kxa2 Ke6 {#R} 0-1

[Event "It"]
[Site "masterchessopen.com - Altensteig (Germany)"]
[Round "0"]
[White "Polajzer Danilo (SLO)"]
[Black "Mainka Romuald (GER)"]
[Result "1-0"]
[WhiteElo "2375"]
[BlackElo "2488"]

1.d4 Nf6 2.Nf3 e6 3.c4 c5 4.d5 exd5 5.cxd5 g6 6.Nc3 d6 7.e4 Bg7 8.Bg5 h6 9.Bh4
g5 10.Bg3 Nh5 11.Bb5+ Kf8 12.e5 Nxg3 13.fxg3 dxe5 14.O-O Kg8 15.Bc4 Nd7 16.d6
Nb6 17.Bxf7+ Kxf7 18.Nh4+ Kg8 19.Ng6 Kh7 20.Ne7 Re8 21.Rf7 Rxe7 22.Qc2+ Kg8
23.dxe7 Qd4+ 24.Rf2 Bd7 25.Rd1 Qc4 26.Qg6 Qe6 27.Qxe6+ Bxe6 28.Rd8+ {#r} 1-0

[Event "Ch China"]
[Site "masterchessopen.com - China"]
[Round "0"]
[White "Chen De (CHN)"]
[Black "Wang Zili (CHN)"]
[Result "1-0"]
[WhiteElo "2361"]
[BlackElo "2488"]

1.d4 Nf6 2.c4 c5 3.d5 e6 4.Nc3 exd5 5.cxd5 d6 6.Nf3 g6 7.e4 Bg7 8.Bg5 h6 9.Bh4
a6 10.Nd2 b5 11.Qc2 O-O 12.a4 b4 13.Nd1 Re8 14.Ne3 Nbd7 15.Bd3 Qc7 16.O-O Ne5
17.Nec4 Nxd3 18.Qxd3 a5 19.f4 Ba6 20.e5 dxe5 21.Bxf6 Bxf6 22.Ne4 Bg7 23.f5 Bc8
24.fxg6 fxg6 25.Nf6+ Bxf6 26.Qxg6+ Qg7 27.Qxe8+ Kh7 28.Rxf6 Qxf6 29.Rf1 Bf5
30.Qxa8 {#r} 1-0

[Event "Ch China"]
[Site "masterchessopen.com - China"]
[Round "0"]
[White "Lin Ta (CHN)"]
[Black "Wang Zili (CHN)"]
[Result "1-0"]
[WhiteElo "2372"]
[BlackElo "2488"]

1.d4 c5 2.d5 Nf6 3.c4 e6 4.Nc3 exd5 5.cxd5 d6 6.e4 g6 7.Nf3 Bg7 8.Bg5 h6 9.Bh4
a6 10.Nd2 b5 11.Qc2 O-O 12.a4 b4 13.Nd1 Re8 14.Ne3 b3 15.Qb1 Nbd7 16.Be2 Rb8
17.O-O g5 18.Bg3 Ne5 19.Bxe5 Rxe5 20.f4 gxf4 21.Rxf4 Rb4 22.Ndc4 Nh5 23.Bxh5
Rxh5 24.Qf1 Bd4 25.Kh1 Rb7 26.Qf3 Rg5 27.Rf1 Rg7 28.Nf5 Bxf5 29.Rxf5 Rd7
30.Rh5 Rg6 31.Qxb3 Re7 32.Qf3 Qe8 33.Rh4 Qxa4 34.b3 Qd7 35.Rf4 f6 36.Rf5 Reg7
37.g3 Qe7 38.Na5 Rg4 39.Re1 Be5 40.Nc6 Qd7 41.Nxe5 fxe5 42.Rf8+ Kh7 43.Kg2
R4g5 44.Ra1 Qb5 45.Rf1 c4 46.bxc4 Qxc4 47.Rf2 a5 48.Rb2 a4 49.Rbb8 Qc2+ 50.Kh3
Qc7 51.g4 Qd7 52.Rh8+ Kg6 53.Rbf8 Qe7 54.Kg3 h5 55.Qf5+ Rxf5 56.exf5+ {#r} 1-0

[Event "Ch Czechoslovakia (corr.)"]
[Site "masterchessopen.com - Czechoslovakia"]
[Round "0"]
[White "Krisko Dusan (SVK)"]
[Black "Stodola Jaroslav Sr (CZE)"]
[Result "1-0"]
[WhiteElo "2255"]
[BlackElo "2200"]

1.d4 Nf6 2.c4 c5 3.Nc3 e6 4.d5 exd5 5.cxd5 d6 6.e4 g6 7.Nf3 Bg7 8.Bg5 h6 9.Bh4
a6 10.Nd2 b5 11.Be2 Nbd7 12.Qc2 O-O 13.a4 b4 14.Nd1 Re8 15.O-O b3 16.Qd3 Rb8
17.f4 Rb4 18.Nc4 Nb6 19.Nde3 Nxc4 20.Nxc4 a5 21.Rac1 Ba6 22.Qf3 Qd7 23.e5 Bxc4
24.Rxc4 dxe5 25.Rxb4 e4 26.Rxe4 Nxe4 27.Bb5 Qc8 28.Bxe8 Bd4+ 29.Kh1 Qxe8
30.Qxb3 Nd2 31.Qb5 Qe4 32.Rd1 Qxf4 33.Bg3 Qe3 34.Re1 {#r} 1-0

[Event "?"]
[Site "masterchessopen.com - Gausdal (Norway)"]
[Round "0"]
[White "Yrjola Jouni (FIN)"]
[Black "Cramling Pia (SWE)"]
[Result "1-0"]
[WhiteElo "2425"]
[BlackElo "2489"]

1.d4 Nf6 2.c4 c5 3.d5 e6 4.Nc3 exd5 5.cxd5 d6 6.e4 g6 7.Nf3 Bg7 8.Bg5 h6 9.Bh4
g5 10.Bg3 Nh5 11.Bb5+ Kf8 12.e5 a6 13.Be2 Nxg3 14.fxg3 Nd7 15.e6 Nf6 16.O-O b5
17.Qc2 Ra7 18.Rad1 Re7 19.a4 b4 20.Ne4 Nxe4 21.Qxe4 Bxb2 22.Nd2 Bd4+ 23.Kh1
Bb7 24.Nc4 Qa8 25.Qg6 {#r} 1-0

[Event "It (open)"]
[Site "masterchessopen.com - Martigny (Switzerland)"]
[Round "0"]
[White "Nemet Ivan (SUI)"]
[Black "Renet Olivier (FRA)"]
[Result "1-0"]
[WhiteElo "2348"]
[BlackElo "2486"]

1.d4 Nf6 2.c4 e6 3.Nf3 c5 4.d5 exd5 5.cxd5 d6 6.Nc3 g6 7.e4 Bg7 8.Bg5 h6 9.Bh4
a6 10.Nd2 b5 11.a4 b4 12.Ncb1 Qe7 13.Bd3 Nbd7 14.O-O Ne5 15.Be2 g5 16.Bg3 O-O
17.Re1 Re8 18.Bxe5 Qxe5 19.Nc4 Qe7 20.Nbd2 Qd8 21.Qc2 Ra7 22.a5 Rae7 23.e5
Nxd5 24.Nxd6 Bxe5 25.Nxe8 Qxe8 26.Nf3 Nf4 27.Bc4 Bf6 28.Rxe7 Qxe7 29.Re1 Qc7
30.Re8+ Kg7 31.Bxf7 Qxa5 {#r} 1-0

[Event "?"]
[Site "masterchessopen.com - Bayamo (Cuba)"]
[Round "0"]
[White "Sorin Ariel (ARG)"]
[Black "Vera Reynaldo (CUB)"]
[Result "0-1"]
[WhiteElo "2452"]
[BlackElo "2492"]

1.d4 Nf6 2.c4 e6 3.Nf3 c5 4.d5 exd5 5.cxd5 d6 6.Nc3 g6 7.Bg5 Bg7 8.e4 h6 9.Bh4
a6 10.Nd2 b5 11.Be2 Nbd7 12.O-O O-O 13.Qc2 c4 14.a4 Rb8 15.axb5 axb5 16.b4
cxb3 17.Qxb3 Nc5 18.Qb4 Re8 19.Bg3 Nh5 20.Bxh5 gxh5 21.Ne2 h4 22.Bf4 Bxa1
23.Rxa1 Qf6 24.Ra3 Bd7 25.h3 Ra8 26.f3 Rxa3 27.Qxa3 Kh7 28.Kh2 Rg8 29.Nf1 Rb8
30.e5 dxe5 31.Qxc5 exf4 32.Qc7 Rd8 33.Nd2 Bf5 34.Nxf4 Rc8 35.Qa7 Qe5 36.Kg1
Qxf4 37.Qxf7+ Kh8 38.Nf1 Qg5 39.d6 Bxh3 40.g4 Bxf1 41.d7 Rd8 {#R} 0-1

[Event "Bundesliga 1987/88 (2nd)"]
[Site "masterchessopen.com - Germany"]
[Round "0"]
[White "Gruettemeier Uwe (GER)"]
[Black "Markmann Ulrich (GER)"]
[Result "0-1"]
[WhiteElo "2165"]
[BlackElo "2282"]

1.d4 Nf6 2.c4 e6 3.Nf3 c5 4.d5 exd5 5.cxd5 d6 6.Nc3 g6 7.e4 Bg7 8.Bg5 a6 9.Nd2
b5 10.Be2 Nbd7 11.Qc2 O-O 12.O-O h6 13.Bh4 g5 14.Bg3 Qe7 15.a4 b4 16.Nd1 Re8
17.Ne3 Ne5 18.Rae1 Ng6 19.Nec4 Nf4 20.Bf3 Nd7 21.e5 Nxe5 22.Nxe5 Bxe5 23.Bxf4
gxf4 24.Nc4 Qf6 25.Be4 Rb8 26.Qe2 Bd7 27.Nxe5 Rxe5 28.Qxa6 Rbe8 29.f3 Qg7
30.Rd1 Rg5 31.Rf2 Qf8 32.b3 h5 33.Qf1 h4 34.Kh1 Qg7 35.Re2 Rge5 36.Rde1 Bc8
37.Bd3 Rxe2 38.Rxe2 Rxe2 39.Qxe2 Qa1+ 40.Qf1 Qd4 41.Bc4 Bb7 42.h3 Bxd5 43.Bxd5
Qxd5 44.Qa6 Qd1+ 45.Kh2 Qxb3 46.Qc8+ Kg7 47.Qg4+ Kf6 48.Qxh4+ Ke6 49.Qxf4 Kd7
50.Qg4+ Kc7 51.Qg8 Kb7 52.a5 Qe6 53.Qd8 d5 54.Qf8 Qc6 55.f4 b3 56.Qxf7+ Ka6
57.h4 b2 58.Qf5 c4 {#R} 0-1

[Event "Ch Great Britain"]
[Site "masterchessopen.com - Great Britain"]
[Round "0"]
[White "Fraser-Mitchell J M Dr (ENG)"]
[Black "Findlay Ian T (CAN)"]
[Result "0-1"]
[WhiteElo "2085"]
[BlackElo "2350"]

1.d4 Nf6 2.c4 c5 3.d5 e6 4.Nc3 exd5 5.cxd5 d6 6.e4 g6 7.Nf3 Bg7 8.Bg5 h6 9.Bh4
a6 10.a4 g5 11.Bg3 Nh5 12.Be2 O-O 13.O-O Nxg3 14.hxg3 Nd7 15.Qc2 Qe7 16.Rae1
Rb8 17.Nd2 Ne5 18.Nc4 Nxc4 19.Bxc4 Bd7 20.a5 Rbe8 21.Rb1 Qe5 22.Bd3 Qd4
23.Rfe1 c4 24.Bf1 f5 25.Rbd1 Qc5 26.Ra1 f4 27.gxf4 Rxf4 28.Nd1 Bb5 29.Rc1 Qb4
30.Ne3 Rfxe4 {#R} 0-1

[Event "It (open)"]
[Site "masterchessopen.com - Mendrisio (Switzerland)"]
[Round "7"]
[White "Gruenenwald Joerg (SUI)"]
[Black "Quinto Gianni (ITA)"]
[Result "1-0"]
[WhiteElo "2331"]
[BlackElo "2210"]

1.d4 Nf6 2.c4 c5 3.d5 e6 4.Nc3 exd5 5.cxd5 d6 6.e4 g6 7.Nf3 Bg7 8.Bg5 h6 9.Bh4
O-O 10.Nd2 Na6 11.Be2 Nc7 12.a4 b6 13.O-O Qd7 14.Bg3 Re8 15.Re1 Bf8 16.f4 Ba6
17.Bf3 Rad8 18.Qc2 Bg7 19.Rad1 Nh5 20.Bxh5 gxh5 21.Nf3 Bb7 22.e5 dxe5 23.Nxe5
Bxe5 24.fxe5 Nxd5 25.Nxd5 Bxd5 26.Bh4 Qe6 27.Re3 {#r} 1-0

[Event "It"]
[Site "masterchessopen.com - Tampere (Finland)"]
[Round "0"]
[White "Yrjola Jouni (FIN)"]
[Black "Tuominen Mauri (FIN)"]
[Result "1-0"]
[WhiteElo "2362"]
[BlackElo "2112"]

1.d4 Nf6 2.c4 e6 3.Nf3 c5 4.d5 exd5 5.cxd5 d6 6.Nc3 g6 7.e4 Bg7 8.Bg5 O-O
9.Nd2 Re8 10.Be2 Na6 11.O-O Nc7 12.a4 b6 13.f4 Qd7 14.Bf3 Rb8 15.Re1 b5
16.axb5 Nxb5 17.Nxb5 Rxb5 18.Nc4 Rb4 19.Nxd6 Rf8 20.e5 Ne8 21.Nxc8 {#r} 1-0

[Event "It (open) \"]
[Site "masterchessopen.com - Primorsko (Bulgaria)"]
[Round "3"]
[White "Grivas Efstratios (GRE)"]
[Black "Juergens Vera (GER)"]
[Result "1-0"]
[WhiteElo "2492"]
[BlackElo "2285"]

1.d4 Nf6 2.c4 c5 3.d5 e6 4.Nc3 exd5 5.cxd5 d6 6.e4 g6 7.Nf3 Bg7 8.Bg5 h6 9.Bh4
g5 10.Bg3 Nh5 11.Bb5+ Kf8 12.e5 Bg4 13.O-O dxe5 14.h3 Nxg3 15.fxg3 Bd7 16.Bd3
Qb6 17.Kh1 Na6 18.Nd2 Kg8 19.Nc4 Qd8 20.Qf3 Qf8 21.Rae1 Re8 22.Nd6 Re7 23.Nxb7
Nb4 24.Nxc5 Nxd3 25.Qxd3 Qc8 26.b4 h5 27.d6 Re8 28.Nd5 Bc6 29.d7 {#r} 1-0

[Event "It (open)"]
[Site "masterchessopen.com - Pula (Croatia)"]
[Round "0"]
[White "Forintos Gyozo V (HUN)"]
[Black "Minic Dragoljub (CRO)"]
[Result "0-1"]
[WhiteElo "2317"]
[BlackElo "2355"]

1.d4 Nf6 2.c4 c5 3.d5 e6 4.Nc3 exd5 5.cxd5 d6 6.e4 g6 7.Nf3 Bg7 8.Bg5 h6 9.Bh4
g5 10.Bg3 Nh5 11.Bb5+ Kf8 12.Be2 Nxg3 13.hxg3 Qe7 14.Nd2 Nd7 15.g4 a6 16.a4
Bd4 17.O-O Nf6 18.Nc4 h5 19.Nb6 hxg4 20.g3 Nxe4 21.Nxc8 Qe5 22.Kg2 Nxc3
23.bxc3 Qe4+ 24.f3 Rh2+ {#R} 0-1

[Event "It (open)"]
[Site "masterchessopen.com - San Bernadino Brocco (Switzerland)"]
[Round "0"]
[White "Mohr Stefan (GER)"]
[Black "Neuenschwander Arn (GER)"]
[Result "1-0"]
[WhiteElo "2485"]
[BlackElo "2150"]

1.d4 Nf6 2.c4 e6 3.Nc3 c5 4.d5 exd5 5.cxd5 d6 6.e4 g6 7.Nf3 Bg7 8.Bg5 h6 9.Bh4
O-O 10.Nd2 Re8 11.Be2 a6 12.a4 Nbd7 13.O-O b6 14.Qc2 Ne5 15.f4 Ned7 16.Nc4 Qe7
17.Bf3 g5 18.fxg5 Nh7 19.g6 Qxh4 20.gxf7+ Kf8 21.fxe8=Q+ Kxe8 22.Nxd6+ Kd8
23.Nf5 Bd4+ 24.Nxd4 cxd4 25.Ne2 {#r} 1-0

[Event "It \"]
[Site "masterchessopen.com - Buenos Aires (Argentina)"]
[Round "3"]
[White "Fiorito Fabian (ARG)"]
[Black "Valiente Cristobal (PAR)"]
[Result "1-0"]
[WhiteElo "2438"]
[BlackElo "2263"]

1.d4 e6 2.Nf3 Nf6 3.c4 c5 4.d5 d6 5.Nc3 exd5 6.cxd5 g6 7.e4 Bg7 8.Bg5 h6 9.Bh4
a6 10.Nd2 b5 11.a4 b4 12.Ncb1 O-O 13.Bd3 Nbd7 14.Nc4 Nb6 15.Nxb6 Qxb6 16.Nd2
a5 17.O-O Ba6 18.Bxa6 Qxa6 19.Qc2 Rfe8 20.Rae1 Ng4 21.Nc4 Ne5 22.Nxe5 Bxe5
23.f4 Bd4+ 24.Bf2 Bf6 25.Bg3 Bd4+ 26.Kh1 b3 27.Qd1 Qc4 28.f5 gxf5 29.Qh5 Bg7
30.Qxf5 Ra7 31.Bxd6 Bxb2 32.e5 Qxd5 33.Re3 Qe6 34.Qb1 Qc4 35.Rg3+ Kh8 36.Bxc5
Ra6 37.e6 Qxf1+ 38.Qxf1 Raxe6 39.Qxf7 Be5 40.Rg8+ Rxg8 41.Qxe6 {#r} 1-0

[Event "It \"]
[Site "masterchessopen.com - Buenos Aires (Argentina)"]
[Round "4"]
[White "Sorin Ariel (ARG)"]
[Black "Peralta Eduardo (PAR)"]
[Result "1-0"]
[WhiteElo "2452"]
[BlackElo "2228"]

1.d4 Nf6 2.c4 e6 3.Nf3 c5 4.d5 exd5 5.cxd5 d6 6.Nc3 g6 7.e4 Bg7 8.Bg5 h6 9.Bh4
a6 10.Nd2 b5 11.a4 b4 12.Ncb1 O-O 13.Bd3 Nbd7 14.Nc4 Qc7 15.Nbd2 Re8 16.O-O
Ne5 17.Nxe5 Rxe5 18.f4 Re8 19.Qf3 c4 20.Bxf6 Bxf6 21.Nxc4 Ra7 22.Kh1 b3
23.Rac1 Qb8 24.Na5 Bd7 25.Nc6 Bxc6 26.Rxc6 Bxb2 27.Bc4 Rb7 28.Rb1 Bg7 29.Rxb3
f5 30.e5 dxe5 31.d6+ Kh8 32.d7 Rd8 33.Qd5 Rxb3 34.Bxb3 Qb4 35.h3 exf4 36.Rxg6
Qe1+ 37.Kh2 Qe7 38.Re6 Qxd7 39.Qxf5 Qd3 40.Qxd3 {#r} 1-0

[Event "Ch Hungary (open)"]
[Site "masterchessopen.com - Gyor (Hungary)"]
[Round "0"]
[White "Vladimirov Boris T (RUS)"]
[Black "Anka Emil (HUN)"]
[Result "1-0"]
[WhiteElo "2435"]
[BlackElo "2382"]

1.d4 Nf6 2.c4 c5 3.d5 e6 4.Nc3 exd5 5.cxd5 d6 6.e4 g6 7.Bg5 Bg7 8.Nf3 h6 9.Bf4
O-O 10.Nd2 Re8 11.Be2 Na6 12.O-O Nc7 13.Re1 Rb8 14.a4 a6 15.a5 Qd7 16.h3 Nb5
17.Bxb5 axb5 18.Qb3 b4 19.Na4 Qc7 20.Nc4 Bf8 21.e5 Nxd5 22.exd6 Qc6 23.Bg3
Rxe1+ 24.Rxe1 Be6 25.Rxe6 fxe6 26.Qc2 Bg7 27.Qxg6 Qe8 28.Qc2 Ra8 29.Nxc5 Qf7
30.d7 Rf8 31.Nd6 {#r} 1-0

[Event "It \"]
[Site "masterchessopen.com - Prague (Czech Republic)"]
[Round "2"]
[White "Spacek Petr (CZE)"]
[Black "Voigt Martin (GER)"]
[Result "1-0"]
[WhiteElo "2410"]
[BlackElo "2364"]

1.d4 Nf6 2.c4 c5 3.d5 e6 4.Nc3 exd5 5.cxd5 d6 6.e4 g6 7.Nf3 Bg7 8.Bg5 h6 9.Bh4
O-O 10.Nd2 Re8 11.Be2 a6 12.a4 Nbd7 13.O-O Rb8 14.Qc2 Qc7 15.f4 c4 16.Nxc4 b5
17.axb5 axb5 18.Nxd6 Qxd6 19.e5 Qc7 20.d6 Qb6+ 21.Bf2 Qd8 22.exf6 Nxf6 23.Bxb5
Bf5 24.Qa4 Re6 25.d7 Ne4 26.Nxe4 Rxe4 27.Qa5 Qxa5 28.Rxa5 Bxb2 29.Bd3 Bf6
30.Bxe4 Bxe4 31.Re1 Bc3 32.Rxe4 Rb1+ 33.Re1 {#r} 1-0

[Event "It (open)"]
[Site "masterchessopen.com - Stockholm (Sweden)"]
[Round "0"]
[White "Olausson Claes Goran (SWE)"]
[Black "Ernst Thomas (SWE)"]
[Result "0-1"]
[WhiteElo "2269"]
[BlackElo "2440"]

1.d4 Nf6 2.Nf3 c5 3.d5 e6 4.c4 exd5 5.cxd5 d6 6.Nc3 g6 7.Bg5 Bg7 8.e4 a6 9.Nd2
b5 10.Be2 O-O 11.Qc2 Nbd7 12.O-O Re8 13.a4 b4 14.Nd1 h6 15.Bh4 g5 16.Bg3 Qe7
17.Ne3 Ne5 18.f4 gxf4 19.Rxf4 Ng6 20.Rf3 Nxe4 21.Nxe4 Qxe4 22.Bd3 b3 23.Qb1
Qd4 24.Bxg6 fxg6 25.Qxg6 Rxe3 26.Bf2 Qxb2 27.Bxe3 Qxa1+ 28.Rf1 Qe5 29.Bxh6 Ra7
30.h3 b2 31.Bf4 Bf5 32.Qg5 Qf6 {#R} 0-1

[Event "It (open)"]
[Site "masterchessopen.com - Katowice (Poland)"]
[Round "1"]
[White "Radzikowska Krystyna (POL)"]
[Black "Moiseev Viktor (RUS)"]
[Result "0-1"]
[WhiteElo "2013"]
[BlackElo "2460"]

1.d4 Nf6 2.c4 c5 3.d5 e6 4.Nc3 exd5 5.cxd5 d6 6.e4 g6 7.Bg5 Bg7 8.Nf3 h6 9.Bh4
a6 10.Be2 g5 11.Bg3 Nh5 12.O-O b5 13.Qc2 Nxg3 14.fxg3 Nd7 15.a4 b4 16.Nd1 O-O
17.Ne3 Nf6 18.e5 Ng4 19.Nxg4 Bxg4 20.exd6 Bh5 21.Rae1 Qxd6 22.Bc4 Rae8 23.Re2
Bg6 24.Qd2 Qd7 25.Rfe1 Qxa4 26.Rxe8 Rxe8 27.Rxe8+ Qxe8 28.Bxa6 g4 29.Nh4 Bd4+
30.Kf1 Qa4 31.Bc4 Be4 32.b3 Qa1+ 33.Ke2 Qg1 34.d6 Bxg2 35.d7 Qf1# 0-1

[Event "It (open)"]
[Site "masterchessopen.com - Los Angeles (USA)"]
[Round "0"]
[White "Schroer Jonathan (USA)"]
[Black "Shaked Tal (USA)"]
[Result "1-0"]
[WhiteElo "2390"]
[BlackElo "2468"]

1.d4 Nf6 2.c4 c5 3.d5 e6 4.Nc3 exd5 5.cxd5 d6 6.e4 g6 7.Nf3 Bg7 8.Bg5 a6 9.Nd2
b5 10.Qc2 O-O 11.Be2 Nbd7 12.a4 b4 13.Nd1 a5 14.O-O Nb6 15.Ne3 Qc7 16.Kh1 Ne8
17.Bb5 Kh8 18.f4 f5 19.exf5 Bxf5 20.Nxf5 gxf5 21.Nc4 Nxc4 22.Bxc4 Bf6 23.Qxf5
Qg7 24.Qh3 Bxb2 25.Bh6 Qf7 26.Rae1 Bg7 27.Re6 Nf6 28.Bg5 Ra7 29.Rfe1 Kg8
30.Rxd6 Rc7 31.Rxf6 Bxf6 32.d6 Qxc4 33.dxc7 Qc3 34.Qe6+ {#r} 1-0

[Event "Tournament (team)"]
[Site "masterchessopen.com - Buenos Aires (Argentina)"]
[Round "3"]
[White "Bialolenkier Paulo (ARG)"]
[Black "Caramia Javier (ARG)"]
[Result "1-0"]
[WhiteElo "2265"]
[BlackElo "2142"]

1.d4 Nf6 2.c4 c5 3.d5 e6 4.Nc3 exd5 5.cxd5 d6 6.Nf3 g6 7.e4 Bg7 8.Bg5 h6 9.Bh4
a6 10.Nd2 b5 11.Qc2 Nbd7 12.Be2 Rb8 13.Bg3 Qc7 14.a4 c4 15.axb5 axb5 16.Nxb5
Rxb5 17.Nxc4 Rc5 18.Bxd6 Rxc4 19.Qxc4 Qxc4 20.Bxc4 Nxe4 21.Ba3 Nb6 22.Bd3 Nf6
23.d6 Bd7 24.Bc5 Nc8 25.O-O O-O 26.b4 Ne8 27.Ra6 Be5 28.Rd1 Nexd6 29.Bf1 Rd8
30.Rdxd6 Nxd6 31.Bxd6 Bb5 32.Bxe5 Bxa6 33.Bxa6 {#r} 1-0

[Event "Ch World (juniors) (under 16)"]
[Site "masterchessopen.com - Duisburg (Germany)"]
[Round "3"]
[White "Abdul Moula Sabri (YEM)"]
[Black "Gogonian Arsen (TKM)"]
[Result "0-1"]
[WhiteElo "2189"]
[BlackElo "2292"]

1.d4 Nf6 2.c4 c5 3.d5 e6 4.Nc3 exd5 5.cxd5 d6 6.e4 g6 7.Bg5 Bg7 8.Nf3 a6 9.a4
Bg4 10.Qb3 Bxf3 11.Qxb7 Bxg2 12.Bxg2 Nbd7 13.O-O O-O 14.a5 Qb8 15.Qxb8 Rfxb8
16.f4 Ng4 17.Nd1 Bxb2 18.Nxb2 Rxb2 19.Bh3 h5 20.Be7 Re8 21.Bxd6 Rxe4 22.Rfe1
Nxh2 23.Bg2 Rxe1+ 24.Rxe1 Ng4 25.Re8+ Kg7 26.Bf1 Kf6 27.Kh1 c4 {#R} 0-1

[Event "Olympiad"]
[Site "masterchessopen.com - Manila (Philippines)"]
[Round "8"]
[White "Grivas Efstratios (GRE)"]
[Black "Doghri Nabil (TUN)"]
[Result "1-0"]
[WhiteElo "2465"]
[BlackElo "2335"]

1.d4 Nf6 2.c4 e6 3.Nf3 c5 4.d5 exd5 5.cxd5 d6 6.Nc3 g6 7.e4 Bg7 8.Bg5 O-O
9.Nd2 a6 10.a4 Nbd7 11.Be2 Qe7 12.O-O h6 13.Bh4 g5 14.Bg3 Ne5 15.Re1 Rb8
16.Bf1 Nfd7 17.Rb1 Ng6 18.Nc4 Nde5 19.Ne3 Qf6 20.b4 c4 21.b5 Bd7 22.Rc1 Nf4
23.Nxc4 Nxc4 24.Bxc4 Rbc8 25.Nb1 axb5 26.axb5 h5 27.Bf1 Rxc1 28.Qxc1 Rc8
29.Qd2 Ng6 30.h3 h4 31.Bh2 Re8 32.Na3 Nf4 33.Nc4 Bxb5 34.Nxd6 Qxd6 35.Bxb5 Ra8
36.Bxf4 gxf4 37.Qe2 Qc5 38.Bd7 Qe7 39.Bf5 Qg5 40.d6 Ra3 41.Qb5 Qd8 42.d7 Bd4
43.Rd1 Ba7 44.Qb2 Ra6 45.Qe2 Bb8 46.Qh5 Kf8 47.Qh8+ Ke7 48.Qxh4+ Rf6 49.Rd5
{#r} 1-0